000 00884nam a2200217 a 4500
003 0
005 20250321153820.0
008 060801s19uu xx 00 eng d
050 _aPGS SB 324.3.S29.A47
_b.L477 2006
100 _aLee, Da Yi.
245 _aA feasibility study on the use of sawdust as fertilizer for ampalaya (Momordica charantia) plant /
_cDa Yi Lee.
260 _aLas PiƱas City, Philippines :
_bSouthville International School and Colleges,
_c2006.
300 _a19 pages :
_billustrations ;
_c28 cm.
504 _aIncludes bibliographical references.
650 _aOrganic fertilizers
_vFeasibility studies.
650 _aSawdust
_vUse as fertilizer.
650 _aSoil amendments
_vOrganic materials.
650 _aAmpalaya (Momordica charantia)
_vGrowth and development.
650 _aPlant-soil interactions
_vFertilization effects.
942 _2lcc
_cPASS
999 _c97511
_d97511